000 00515nam a2200169Ia 4500
008 240729s9999 xx 000 0 und d
022 _a2688-1152
245 0 _aJournal of the American College of Emergency Physicians Open
260 _aUnited States
260 _bWiley
650 _a Internal medicine
650 _a Medical emergencies. Critical care. Intensive care. First aid
650 _aMedicine
856 _uhttps://doaj.org/toc/026a5f55bf044a2f85ca943e208ba9e1
942 _2ddc
942 _cDOAJEJ
999 _c72580
_d72580
945 _a1
_bMadushi Gamage
_c1
_dMadushi Gamage